| 000 | 00630nam a2200169 a 4500 | ||
|---|---|---|---|
| 001 | 4393 | ||
| 003 | CDMR | ||
| 005 | 20131030135130.0 | ||
| 008 | 130130s1993||||||||||||||||||||||||||||d | ||
| 040 |
_aCDMR _bcat _cCDMR |
||
| 110 |
_93014 _aAsociación de Reporteros Gráficos de la República Argentina |
||
| 245 | 1 | 3 |
_aEl periodismo gráfico argentino _b: XI Muestra de la Asociación de Reporteros Gráficos de la República Argentina _cAsociación de Reporteros Gráficos de la República Argentina |
| 260 |
_as.l. _c1993 _bs.e. |
||
| 650 | 0 | 4 |
_93679 _aFotoperiodisme _xExposicions |
| 650 | 0 | 4 |
_93744 _aPremsa _zArgentina |
| 942 |
_cMON _2ddc |
||
| 999 |
_c4393 _d4393 |
||